000 00872nam a2200253Ia 4500
003 OSt
005 20221005104918.0
006 a|||||r|||| 00| 0
007 ta
008 221004b |||||||| |||| 00| 0 hin d
024 _a109266
037 _cTextual
040 _aCRL
_cCRL
_bhin
041 _2hin
_ahin
082 _aO42,1xN, 152L2
100 _aवर्मा, सत्यभूषण, अनु.
245 0 _aजापानी कविताएॅं
246 _aJāpānī kavitāeॅan
260 _aदिल्ली
_bसीमान्त पब्लिकेशंस इंडिया भारत
_c1977
300 _a111पृ0
_ccm.
650 _aहिन्दी साहित्य
942 _hO42,1xN, 152L2
_cTEXL
_2cc
999 _c1014168
_d1014168